| 000 | 02527nam0a2200409 4500 | ||
|---|---|---|---|
| 001 | RU\NLR\bibl\2013353 | ||
| 005 | 20260407105725.0 | ||
| 010 |
_a978-5-94646-400-0 _9500 |
||
| 021 |
_aRU _b2013-14250 _91014 |
||
| 035 | _a(NLR Aleph) 002001816 | ||
| 035 | _a(nilc)RuMoRGB-006540382 | ||
| 090 |
_a4369924 _c4369924 |
||
| 100 | _a20130226d2012 |||y0rusy50 ca | ||
| 101 | 0 | _arus | |
| 102 | _aRU | ||
| 105 | _aa ||||||||| | ||
| 200 | 1 |
_aОценка факторов роста и прогнозирование социально-экономического развития регионов России _f[д.ф.-м.н. Быстрай Г.П., к.э.н. Васильева А.В., Васильева Е.В. и др.] _gпод ред. акад. РАН А.И. Татаркина, акад. РАН П.А. Минакира _gИн-т экономики Ур. отд-ния Рос. акад. наук, Ин-т экон. ислед. Дальневост. отд-ния Рос. акад. наук |
|
| 210 |
_aЕкатеринбург _aХабаровск _cИнститут экономики УрО РАН _cИнститут экономических исследований ДВО РАН _d2012 |
||
| 215 |
_a177 с. _cил. _d21 |
||
| 300 | _aАвт. указаны на 3-й с. | ||
| 320 | _aБиблиогр.: с. 164-177 | ||
| 607 |
_aРоссийская Федерация _xСоциально-экономическое развитие _xРегиональный аспект _92155873 _3RU\NLR\auth\661297883 |
||
| 686 | 1 | _aУ04(2Р)9 | |
| 701 | 1 |
_aБыстрай _bГ. П. _gГеннадий Павлович _4070 |
|
| 701 | 1 |
_4070 _aВасильева _bА. В. _cканд. экон. наук, экон. безопасность _gАлександра Владимировна _9129098 _3RU\NLR\AUTH\770129129 |
|
| 701 | 1 |
_4070 _8rus _7ca _aВасильева _bЕ. В. _cд-р экон. наук, экон. безопасность _gЕлена Витальевна _3RU\NLR\AUTH\77113403 _996328 |
|
| 702 | 1 |
_4570 _8rus _7ca _aТатаркин _bА. И. _f1946-2016 _gАлександр Иванович _3RU\NLR\AUTH\7760212 _943143 |
|
| 712 | 0 | 2 |
_4570 _aИнститут экономики _cЕкатеринбург _3RU\NLR\AUTH\889937498 _9369820 |
| 801 | 0 |
_aRU _bRuMoRKP _c20130226 _gRCR |
|
| 801 | 2 |
_aRU _bРГБ _c20130326 _grcr |
|
| 801 | 1 |
_aRU _bRuMoRKP _c20130226 _2rusmarc |
|
| 801 | 2 |
_aRU _bNLR _c20130319 _grcr |
|
| 942 | _cBOOK | ||
| 980 | _aNB | ||
| 980 | _aNBR | ||